00482nam a2200169Ia 4500001001000000003000500010008004100015010001100056040000900067100001700076245007900093260004600172300001000218440004200228650002400270700001800294Para_4453CHAP220125s1922 xx 000 0 und d a204673 cCHAP aWoglum, R. S aControl of the Citrophilus mealybug /c by R. S. Woglum, and A. D. Borden aWashington :b Department of Agriculture a20 p. aEUA. Dept. of Agriculture Bull.; 1040 aPseudococcus gahani aBorden, A. D.